000
00238nam a2200097Ia 4500
001
719793
005
20250826163219.0
008
250824s9999 xx 000 0 und d
245
0
_a
BENİM YOLUM
_c
CHRISTINA DANIELS
260
_b
MARTI YAYINLARI
999
_c
719793
_d
719793